La Conceptualización de la pobreza /
محفوظ في:
| المؤلف الرئيسي: | |
|---|---|
| التنسيق: | نص |
| الموضوعات: | |
| الوسوم: |
إضافة وسم
لا توجد وسوم, كن أول من يضع وسما على هذه التسجيلة!
|
MARC
| LEADER | 00000 a a2200000 04500 | ||
|---|---|---|---|
| 001 | 3551 | ||
| 003 | |||
| 040 | |||
| 100 | |a Townsend, Peter | ||
| 245 | |a La Conceptualización de la pobreza / |c Peter Townsend | ||
| 500 | |a Extractos tomados de "Conceptualing Poverty", The International Analysis of Poverty, Harvester Wheatsheaf, Londres, 1993, páginas 27-39 | ||
| 650 | |a POBREZA | ||
| 650 | |a NECESIDADES BASICAS | ||
| 773 | |g volumen 53, número 5; páginas 445-452 | ||
| 999 | |c 34642 |d 34642 | ||
